[Event "GER-chT U16"]
[Site "Magdeburg"]
[Date "2023.12.28"]
[Round "4.7"]
[White "Barembruch, Bruno"]
[Black "Kliffken, Julian"]
[Result "0-1"]
[WhiteElo "1660"]
[BlackElo "1468"]
[PlyCount "64"]
[EventDate "2023.12.26"]
[EventType "team-swiss"]
[EventRounds "7"]
[EventCountry "GER"]
[SourceTitle "CB03_2024"]
[SourceDate "2024.01.17"]
[SourceVersion "1"]
[SourceVersionDate "2024.01.17"]
[SourceQuality "1"]
[WhiteTeam "Eppendorf"]
[BlackTeam "Porz SG"]
[WhiteTeamCountry "GER"]
[BlackTeamCountry "GER"]

1. Nf3 d5 2. g3 c5 3. Bg2 Nf6 4. 0-0 Nc6 5. d4 e6 6. dxc5 Bxc5 7. c4 0-0 8. Qc2 Nb4 9. Qb3 a5 10. a3 a4 11. Qd1 Nc6 12. Qc2 d4 13. Rd1 Qb6 14. Ne1 e5 15. Nd2 d3 16. Nxd3 Nd4 17. Qb1 Nxe2+ 18. Kf1 Nxc1 19. Qxc1 Bd4 20. Nf3 Bg4 21. Re1 e4 22. Nxd4 exd3 23. Nf3 Rfe8 24. c5 Rxe1+ 25. Nxe1 Be2+ 26. Kg1 Qa5 27. Nxd3 Bxd3 28. Bxb7 Re8 29. c6 Be4 30. Qf4 Nd5 31. Qg5 Bf3 32. Rc1 Re1+ 0-1

[Event "GER-chT U16"]
[Site "Magdeburg"]
[Date "2023.12.27"]
[Round "1.6"]
[White "Barembruch, Bruno"]
[Black "Noennig, Jakob1"]
[Result "0-1"]
[WhiteElo "1660"]
[BlackElo "1789"]
[PlyCount "142"]
[EventDate "2023.12.26"]
[EventType "team-swiss"]
[EventRounds "7"]
[EventCountry "GER"]
[SourceTitle "CB03_2024"]
[SourceDate "2024.01.17"]
[SourceVersion "1"]
[SourceVersionDate "2024.01.17"]
[SourceQuality "1"]
[WhiteTeam "Eppendorf"]
[BlackTeam "Magdeburg Schachzwerge"]
[WhiteTeamCountry "GER"]
[BlackTeamCountry "GER"]

1. d4 d5 2. c4 e6 3. Nf3 Nf6 4. g3 Be7 5. Bg2 0-0 6. 0-0 c6 7. Qc2 Nbd7 8. Nbd2 b6 9. e4 dxe4 10. Nxe4 Bb7 11. Nxf6+ Bxf6 12. c5 Qe7 13. Be3 Rfd8 14. Rfd1 Rac8 15. h4 g6 16. Rac1 b5 17. Bf4 Qf8 18. Ne5 Qg7 19. Qe2 Be7 20. Nf3 Nf6 21. a4 Ba6 22. Be5 Qf8 23. Bxf6 Bxf6 24. a5 Bb7 25. b4 a6 26. Ne5 Qe7 27. Bf3 Rc7 28. Rc3 Bg7 29. Rcd3 Qf6 30. Be4 Qe7 31. Bg2 f6 32. Nf3 Kf7 33. Bh3 Bc8 34. Bg2 Bd7 35. Re1 Re8 36. Nd2 Bf8 37. Ne4 Qd8 38. Rf3 Be7 39. Ng5+ Kg7 40. Nxe6+ Bxe6 41. Qxe6 Qxd4 42. Rf4 Qc3 43. Re3 Qa1+ 44. Re1 Qc3 45. Re3 Qc1+ 46. Kh2 Rd8 47. Bxc6 Qd2 48. Bg2 Ra7 49. Qb6 Rdd7 50. Bh3 Bd8 51. Qc6 Rf7 52. Re6 Qc3 53. Qe8 Be7 54. Qb8 Bf8 55. Re8 Rab7 56. Qd8 Be7 57. Qc8 Ra7 58. Qb8 Bxc5 59. bxc5 Qxc5 60. Rg8+ Kh6 61. h5 g5 62. Rf5 Qd4 63. Rh8 b4 64. Qg8 Kxh5 65. Bg2 Rg7 66. Bf3+ Kg6 67. Qe8+ Kxf5 68. Rf8 Qxf2+ 69. Bg2 Rae7 70. Qc8+ Kg6 71. Kh3 Qf5+ 0-1

[Event "GER-chT U16"]
[Site "Magdeburg"]
[Date "2023.12.27"]
[Round "2.8"]
[White "Negru, Maximilian"]
[Black "Barembruch, Bruno"]
[Result "0-1"]
[WhiteElo "1316"]
[BlackElo "1660"]
[PlyCount "60"]
[EventDate "2023.12.26"]
[EventType "team-swiss"]
[EventRounds "7"]
[EventCountry "GER"]
[SourceTitle "CB03_2024"]
[SourceDate "2024.01.17"]
[SourceVersion "1"]
[SourceVersionDate "2024.01.17"]
[SourceQuality "1"]
[WhiteTeam "Bad Homburg"]
[BlackTeam "Eppendorf"]
[WhiteTeamCountry "GER"]
[BlackTeamCountry "GER"]

1. e4 c6 2. d4 d5 3. Nc3 dxe4 4. Nxe4 Bf5 5. Ng3 Bg6 6. Nf3 Nd7 7. Bf4 e6 8. c3 Ngf6 9. Bg5 Be7 10. h4 h6 11. h5 Bh7 12. Be3 0-0 13. Bd3 Bxd3 14. Qxd3 Qa5 15. Ne4 Rad8 16. Nxf6+ Bxf6 17. g4 e5 18. b4 Qd5 19. Qe2 exd4 20. c4 Qe4 21. Bxd4 Rfe8 22. Qxe4 Rxe4+ 23. Kd2 Bxd4 24. Kd3 Bxa1 25. Kxe4 Nf6+ 26. Kf5 Bc3 27. g5 hxg5 28. Nxg5 Rd2 29. f4 b5 30. cxb5 Rd5# 0-1